[Event "COL-ch U18 Girls"]
[Site "Cali"]
[Date "2018.04.14"]
[Round "8"]
[White "Cardoso Cardoso, Jaidy Marcela"]
[Black "Velasquez, Angie Gabriela"]
[Result "0-1"]
[WhiteElo "1785"]
[BlackElo "1797"]
[PlyCount "139"]
[EventDate "2018.04.10"]
[EventType "tourn"]
[EventRounds "9"]
[EventCountry "COL"]
[SourceTitle "CBM 184 Extra"]
[Source "ChessBase"]
[SourceDate "2018.06.28"]
[SourceVersion "1"]
[SourceVersionDate "2018.06.28"]
[SourceQuality "1"]

1. d4 d5 2. c4 e6 3. Nc3 Nf6 4. cxd5 exd5 5. Bf4 Be7 6. e3 0-0 7. Bd3 c6 8. Qc2 Nbd7 9. Nge2 c5 10. dxc5 Nxc5 11. Bf5 Be6 12. Rd1 Rc8 13. Qb1 Qb6 14. Bc2 Rfd8 15. 0-0 h6 16. Ng3 a6 17. Nf5 Bf8 18. Be5 Nfe4 19. Ng3 Nxc3 20. Bxc3 Qc6 21. f4 f6 22. Nf5 Bf7 23. Rf3 Ne4 24. Bxe4 dxe4 25. Rg3 Kh7 26. Rd4 Rxd4 27. Nxd4 Qd5 28. a3 Bxa3 29. Qd1 Bf8 30. Qg4 Rd8 31. Kf2 Rd7 32. Nf5 g6 33. Nd4 f5 34. Qh3 b5 35. Rg5 b4 36. Be1 Be6 37. g4 Kg7 38. gxf5 hxg5 39. Nxe6+ Kg8 40. Nxf8 Kxf8 41. Qh8+ Kf7 42. Qh7+ Ke8 43. Qxg6+ Rf7 44. Qe6+ Qxe6 45. fxe6 Rf6 46. Bxb4 gxf4 47. exf4 Rxf4+ 48. Ke3 Rh4 49. Bd6 Rh6 50. Kxe4 Rxe6+ 51. Kd5 Kd7 52. Bg3 Rh6 53. Kc5 Rc6+ 54. Kd5 Rh6 55. Ke5 Rb6 56. h4 Rxb2 57. Kf6 Rb3 58. Be5 Rf3+ 59. Kg5 Ke6 60. Bc7 Rf5+ 61. Kg4 a5 62. h5 a4 63. h6 Rf7 64. Ba5 a3 65. Bc3 a2 66. Kg5 Rf3 67. Bb2 Rf2 68. Bc3 Rg2+ 69. Kf4 Kf7 70. Be5 0-1